Biggest Cities of the Southern United States in 1800 with a Map - Statistics

General Stats
  • This quiz has been taken 204 times
  • The average score is 28 of 100
Answers on the Map
Answers color-coded by a green-red scale on the quiz's map according to % correct below.
 
Answer Stats
Population State /
Territory
City % Correct
26,514 Maryland Baltimore
93%
5,737 Virginia Richmond
92%
18,824 South Carolina Charleston
91%
5,146 Georgia Savannah
88%
345 Tennessee Nashville
86%
3,210 D.C. Washington
84%
601 North Carolina Washington
84%
570 Kentucky Washington
84%
359 Kentucky Louisville
80%
669 North Carolina Raleigh
79%
500 Delaware Dover
78%
350 South Carolina Columbia
76%
1,795 Kentucky Lexington
75%
6,926 Virginia Norfolk
73%
4,066 Delaware Wilmington
73%
1,689 North Carolina Wilmington
73%
388 Tennessee Knoxville
71%
2,212 Maryland Annapolis
68%
4,971 D.C. Alexandria
64%
2,215 Georgia Augusta
61%
300 North Carolina Martinsville
61%
628 Kentucky Frankfort
60%
350 Virginia Wheeling
52%
2,600 Maryland Frederick
47%
225 Virginia Charlottesville
42%
2,993 D.C. Georgetown
41%
1,750 South Carolina Georgetown
41%
348 Kentucky Georgetown
41%
1,656 North Carolina Fayetteville
40%
226 North Carolina Salem
40%
2,000 Virginia Fredericksburg
39%
250 Virginia Lynchburg
38%
3,521 Virginia Petersburg
37%
250 Georgia Petersburg
37%
350 Virginia Morgantown
33%
1,700 Virginia Portsmouth
33%
1,400 Virginia Williamsburg
33%
1,500 Mississippi Natchez
32%
1,500 Maryland Hagerstown
29%
2,467 North Carolina New Bern
28%
645 North Carolina Salisbury
26%
2,128 Virginia Winchester
25%
1,000 Maryland Cumberland
24%
350 Delaware New Castle
23%
350 Virginia Yorktown
20%
800 Virginia Staunton
18%
694 South Carolina Beaufort
17%
437 North Carolina Beaufort
17%
568 Virginia Charles Town
16%
268 Georgia St. Marys
16%
750 Delaware Lewes
13%
350 Virginia Martinsburg
13%
270 Kentucky Danville
12%
257 North Carolina Plymouth
12%
250 Maryland Cambridge
11%
600 South Carolina Camden
10%
1,302 North Carolina Edenton
9%
250 Maryland Havre de Grace
9%
500 Delaware Milford
9%
450 Maryland Elkton
8%
250 South Carolina Orangeburg
8%
362 Virginia Abingdon
7%
579 Kentucky Bardstown
7%
224 Virginia Bath
7%
750 Maryland Easton
7%
474 North Carolina Hillsborough
6%
213 Kentucky Port William
6%
1,108 Virginia Shepherdstown
6%
523 North Carolina Tarboro
6%
253 North Carolina Murfreesboro
5%
377 Kentucky Paris
5%
1,250 Maryland Sharpsburg
5%
238 North Carolina Warrenton
5%
634 Virginia Woodstock
5%
700 Maryland Chestertown
4%
250 Delaware Christiana
4%
382 North Carolina Halifax
4%
262 Kentucky Shelbyville
4%
600 Maryland Upper Marlboro
4%
250 Maryland Leonardtown
3%
300 Maryland Lower Marlboro
3%
650 Virginia New London
3%
290 Virginia New Market
3%
300 South Carolina Ninety Six
3%
254 Virginia Port Royal
3%
400 Maryland Port Tobacco
3%
352 Virginia Strasburg
3%
500 Virginia Tappahannock
3%
248 North Carolina Williamston
3%
237 North Carolina Windsor
3%
750 Maryland Bladensburg
2%
1,200 Virginia Dumfries
2%
250 Maryland Funkstown
2%
300 Maryland Snow Hill
2%
231 North Carolina University
2%
602 Virginia Fincastle
1%
250 South Carolina Purrysburg
1%
513 Virginia Stevensburg
1%
400 Georgia Sunbury
1%
600 Virginia West Liberty
1%
No matching quizzes found
Score Distribution
Percent of People with Each Score
Percentile by Number Answered
Your Score History
You have not taken this quiz